| 000 | 01470cam a2200397 a 4500 | ||
|---|---|---|---|
| 001 | 13233095 | ||
| 003 | OSt | ||
| 005 | 20140310182833.0 | ||
| 008 | 030610s2004 caua 001 0 eng | ||
| 010 | _a 2003056113 | ||
| 020 | _a9814058432 | ||
| 040 |
_aDLC _cDLC _dDLC |
||
| 050 | 0 | 0 |
_aQC 23.2 _b.Y68 2000 |
| 082 | 0 | 0 |
_aM 530 _210th ed. _bY8 2000 |
| 100 | 1 | _aYoung, Hugh D. | |
| 245 | 1 | 0 |
_aSears and Zemansky's university physics : _bwith modern physics. _cYoung, Hugh D.; Freedman, Roger A. |
| 246 | 3 | 0 | _aUniversity physics |
| 250 | _a10th ed. / | ||
| 260 |
_aSingapore : _bPearson Education South Asia Pte Ltd., _cc2000. |
||
| 300 |
_axxi, 1513 p. _bill. ; _c25.5 cm. |
||
| 500 | _a"Extended [edition]"--T.p. verso. | ||
| 500 | _aAccompanied by: MasteringPhysics : student access kit. 13 p. : ill. ; 23 cm. | ||
| 500 | _aIncludes index. | ||
| 521 | _aCollege Students | ||
| 526 | _c1210L to 1700L | ||
| 541 | _j1 | ||
| 562 | _efor circulation. 1 copy available in the collection | ||
| 650 | 0 | _aPhysics. | |
| 700 | 1 | _aFreedman, Roger A. | |
| 700 | 1 |
_aFord, A. Lewis _q(Albert Lewis) |
|
| 700 | 1 |
_aSears, Francis Weston, _d1898-1975. _tUniversity physics. |
|
| 906 |
_a7 _bcbc _corignew _d1 _eocip _f20 _gy-gencatlg |
||
| 942 |
_2lcc _cBK _kM |
||
| 999 |
_c16685 _d16685 |
||